Statystyki dla Zrób słowa z rozsypanki wyrazowej

Kliknij tutaj aby rozwiązać quiz!

Ogólne statystyki

  • Ten quiz został rozwiązany 180 razy
  • Średni wynik to 8 z 15

Statystyki odpowiedzi

MieszankaUłożone% Poprawnych
RĄBZBrąz
88%
KOBARRobak
83%
NYHCIChiny
80%
TYŁOZZłoty
80%
AŁOSZKSzkoła
69%
ZRABUArbuz
60%
KLECPAPlecak
60%
NATSESenat
57%
OWADIRWiadro
43%
WIKYSNIZÓKiszyniów
36%
NAMKEOLEKameleon
31%
KERIKURECCukierek
27%
ABIWZEBMZimbabwe
22%
NASRTUSaturn
21%
MYTKRABTymbark
13%

Rozkład punktacji

Percentyl według liczby udzielonych odpowiedzi

Procent ludzi z każdym wynikiem

Twoja historia wyników

Nie rozwiązałeś tego quizu